[Event "23rd European Women Club Cup 2018"]
[Site "Halkidiki"]
[Date "2018.10.15"]
[Round "4"]
[White "Fataliyeva, Ulviyya"]
[Black "Andolfatto, Maria"]
[Result "1-0"]
[WhiteElo "2320"]
[BlackElo "2068"]
[Annotator "NA"]
[PlyCount "80"]
[EventDate "2018.10.12"]
[EventType "team-tourn"]
[EventCountry "GRE"]
[SourceTitle "playchess.com"]
[Source "ChessBase"]
[SourceQuality "1"]
[WhiteTeam "Odlar Yurdu"]
[BlackTeam "Banca Alpi Marittime"]
[TimeControl "40/5400+30:1800+30"]

1. e4 {[%emt 0:00:00]} e5 {[%emt 0:00:00]} 2. Nf3 {[%emt 0:00:00]} Nf6 {[%emt 0:00:00]} 3. Nxe5 {[%emt 0:00:00]} d6 {[%emt 0:00:05]} 4. Nf3 {[%emt 0:00:00]} Nxe4 {[%emt 0:00:12]} 5. d4 {[%emt 0:00:02]} d5 {[%emt 0:00:48]} 6. Bd3 {[%emt 0:00:09]} Bd6 {[%emt 0:00:31]} 7. O-O {[%emt 0:02:46]} O-O {[%emt 0:00:21]} 8. c4 {[%emt 0:00:11]} c6 {[%emt 0:00:38]} 9. Qc2 {[%emt 0:01:44]} Na6 {[%emt 0:01:01]} 10. a3 {[%emt 0:02:35]} Bg4 {[%emt 0:00:58]} 11. Ne5 {[%emt 0:04:01] C42: Petroff Defence: 3 Nxe5 and unusual White 3rd moves} Bf5 {[%emt 0:01:01]} 12. Be3 {[%emt 0:05:20]} (12. b4 Nc7 13. f3 Bg6 14. c5 Bxe5 15. dxe5 Ng5 16. Bb2 d4 17. f4 Nd5 18. fxg5 Ne3 {1-0 (42) Anand,V (2767)-Caruana,F (2811) Wijk aan Zee 2018}) 12... c5 {[%emt 0:07:53]} 13. Nc3 {[%emt 0:22:27]} cxd4 {[%emt 0:15:56]} 14. Bxd4 {[%emt 0:00:12]} Bxe5 {[%emt 0:07:31]} 15. Bxe5 {[%emt 0:00:10]} Re8 {[%emt 0:05:05]} 16. Bg3 $146 {[%emt 0:09:52]} ({Predecessor:} 16. cxd5 Rxe5 17. Bxe4 Bxe4 18. Nxe4 Qxd5 {0-1 (37) Mazur,S (2472)-Valsecchi,A (2491) Balatonszarszo 2017}) 16... Nxg3 {[%emt 0:06:01]} 17. fxg3 {[%emt 0:01:42]} Bxd3 {[%emt 0:00:25]} 18. Qxd3 {[%emt 0:00:04]} dxc4 {[%emt 0:01:22]} 19. Qxc4 {[%emt 0:00:24]} Qc7 {[%emt 0:03:37]} 20. Qa2 {[%emt 0:00:57]} Qb6+ {[%emt 0:03:10]} 21. Rf2 $11 {[%emt 0:07:11]} Qe6 {[%emt 0:00:19]} 22. Qxe6 {[%emt 0:00:13]} Rxe6 {[%emt 0:00:07]} 23. Rd1 {[%emt 0:00:35]} Rae8 {[%emt 0:21:06]} 24. Nb5 {[%emt 0:02:36]} Nc5 {[%emt 0:03:08]} 25. b4 {[%emt 0:06:02]} Na4 {[%emt 0:06:39]} 26. Rd7 {[%emt 0:04:35]} R6e7 {[%emt 0:06:38]} 27. Rxe7 {[%emt 0:00:44]} Rxe7 {[%emt 0:00:02]} 28. Rc2 {[%emt 0:00:42]} g6 {[%emt 0:01:36]} 29. Nxa7 {[%emt 0:00:27]} Kg7 {[%emt 0:02:08]} 30. Kf2 {[%emt 0:01:53]} Kf6 {[%emt 0:00:40]} 31. Nb5 {[%emt 0:01:00]} Nb6 {[%emt 0:00:48]} 32. Rc5 {[%emt 0:03:43]} Rd7 {[%emt 0:02:06]} 33. g4 {[%emt 0:00:11]} h6 {[%emt 0:00:37]} 34. Nc3 {[%emt 0:00:54]} Ke6 {[%emt 0:01:19]} 35. Ke2 {[%emt 0:01:08]} Rd4 {[%emt 0:01:55]} 36. h3 {[%emt 0:00:40]} Rd7 {[%emt 0:01:14]} 37. a4 {[%emt 0:02:00]} Na8 {[%emt 0:01:01]} 38. Rc8 {[%emt 0:02:29]} Nc7 {[%emt 0:00:26]} 39. Ne4 {[%emt 0:00:37]} b6 {[%emt 0:00:35]} 40. a5 {[%emt 0:00:00]} Nd5 1-0

[Event "23rd European Women Club Cup 2018"]
[Site "Halkidiki"]
[Date "2018.10.15"]
[Round "4"]
[White "Babiy, Olga"]
[Black "Tsivelekidou, Anthoula Elpida"]
[Result "1-0"]
[WhiteElo "2310"]
[BlackElo "1147"]
[Annotator "TA"]
[PlyCount "41"]
[EventDate "2018.10.12"]
[EventType "team-tourn"]
[EventCountry "GRE"]
[SourceTitle "playchess.com"]
[Source "ChessBase"]
[SourceQuality "1"]
[WhiteTeam "Kyiv"]
[BlackTeam "Thessaloniki"]

{[%evp 13,41,61,58,26,33,22,35,23,83,75,89,81,90,81,134,84,123,117,397,251,260,260,546,539,537,539,1306,1302,1354,1325]} 1. e4 e6 2. d4 d5 3. Nc3 dxe4 4. Nxe4 Bd7 5. Nf3 Bc6 6. Bd3 Nd7 7. c3 Ngf6 8. Ned2 {[%cal Be4d2,Bd2c4,Bc4e5,Be5g4,Bg4f6][%mdl 32] C10: French with 3 Nc3: Unusual Black 3rd moves and 3...dxe4} (8. Nxf6+ Nxf6 9. Bf4 Nd7 10. O-O Bd6 11. Bg3 h5 12. Re1 h4 13. Bxd6 cxd6 14. c4 Bxf3 15. Qxf3 Qb6 16. c5 dxc5 17. d5 O-O-O 18. Qxf7 Rhf8 19. Qxe6 Qxb2 20. Bf5 Qf6 21. Qxf6 Rxf6 22. Bg4 {½-½ (22) Gharamian,T (2626)-Miton,K (2605) Germany 2018}) 8... Bd6 9. O-O O-O 10. Nc4 $146 {White is slightly better.} ({Predecessor:} 10. h3 e5 11. Re1 Re8 12. Bc4 exd4 13. Nxd4 Rxe1+ 14. Qxe1 Ne5 15. Nxc6 bxc6 {0-1 (35) Jankovic,U (1741)-Stoimenov,R (2020) Leskovac 2014}) 10... Qe7 (10... b5 $11 {remains equal.} 11. Na5 (11. Nxd6 cxd6 12. Re1 Re8 $11) 11... Bd5) 11. Re1 $16 Bxf3 12. Qxf3 ({Much worse is} 12. gxf3 Rad8 $11) 12... c6 13. Bg5 Bc7 ({Black should play} 13... h6 14. Bh4 (14. Nxd6 Qxd6 15. Bf4 Qd5 $14) 14... Rfd8) 14. Rad1 Rad8 15. Ne5 {Strongly threatening Qh3.} Nb6 $2 {[%mdl 8192]} (15... h6 $16 {was worth a try.} 16. Bh4 Nb6) 16. Ng4 ({Weaker is} 16. Bxf6 Qxf6 17. Qe4 Qh6 $14) 16... Nbd7 17. Qh3 $40 {[%mdl 128] [#] Threatening mate with Bxf6. Black is in trouble.} g6 $2 (17... h5) 18. Qh4 $18 {White is clearly winning.} Kg7 19. Re3 e5 20. Rf3 e4 21. Nxf6 {Precision: White = 89%, Black = 25%.} 1-0

[Event "23rd European Women Club Cup 2018"]
[Site "Halkidiki"]
[Date "2018.10.15"]
[Round "4"]
[White "Klinova, Masha"]
[Black "Pogonina, Natalija"]
[Result "1/2-1/2"]
[WhiteElo "2288"]
[BlackElo "2485"]
[Annotator "TA"]
[PlyCount "61"]
[EventDate "2018.10.12"]
[EventType "team-tourn"]
[EventCountry "GRE"]
[SourceTitle "playchess.com"]
[Source "ChessBase"]
[SourceQuality "1"]
[WhiteTeam "Beer Sheva"]
[BlackTeam "Ugra"]

{[%evp 21,61,20,20,25,31,14,27,25,29,32,39,41,92,93,86,91,100,38,85,64,77,38,54,51,54,33,43,28,68,57,70,61,78,59,58,57,54,22,33,25,56,31]} 1. e4 e5 2. Nf3 Nc6 3. Bc4 Bc5 4. d3 Nf6 5. O-O d6 6. c3 a6 7. Bb3 h6 {C54: Giuoco Piano: 4 c3 Nf6, main lines with 5 d4 and 5 d3} 8. Be3 (8. Re1 O-O 9. Nbd2 Re8 10. Nf1 Ba7 11. h3 Be6 12. N3h2 d5 13. Qf3 d4 14. Ng3 Bc5 15. Nf5 Bf8 16. Ng4 Nxg4 17. hxg4 Bxb3 18. axb3 Re6 19. Qg3 Be7 20. f4 {0-1 (43) Vocaturo,D (2615)-Karjakin,S (2760) Batumi 2018}) (8. Re1 O-O 9. h3 Re8 10. Nbd2 Be6 11. Nf1 Bxb3 12. axb3 d5 13. Qe2 Qd7 14. Ng3 Rad8 15. Nf5 {½-½ (44) Klinova,M (2288)-Pogonina,N (2469) Batumi 2018}) 8... O-O 9. Nbd2 {[%cal Bb1d2,Bd2f1,Bf1g3][%mdl 32]} Ba7 10. Bxa7 Rxa7 11. Re1 Re8 {LiveBook: 8 Games} 12. Nf1 Be6 13. Ng3 Bxb3 14. Qxb3 g6 $146 ({Predecessor:} 14... d5 15. exd5 Qxd5 16. Qxd5 Nxd5 17. d4 f6 18. Rad1 {1-0 (34) Lu,S (2620)-Xu,Y (2454) Xinghua 2017}) 15. d4 Na5 16. Qc2 Nc4 (16... Ra8 $14) 17. b3 $16 Nb6 18. Qd2 exd4 19. Nxd4 (19. cxd4 $16 Kg7 20. Rac1) 19... Kh7 20. Rad1 Ra8 21. c4 Nbd7 22. f4 Qe7 23. Nf3 Rad8 24. Qc2 Ng8 {[%cal Bf6g8,Bg8e7,Be7c6][%mdl 32]} 25. b4 Qf6 26. Qd2 Nb6 27. Rc1 Ne7 28. a3 Nc6 29. Red1 Nd7 30. Rf1 Nf8 31. Rcd1 {Precision: White = 46%, Black = 35%.} 1/2-1/2

[Event "23rd European Women Club Cup 2018"]
[Site "Halkidiki"]
[Date "2018.10.15"]
[Round "4"]
[White "Haussernot, Cecile"]
[Black "Batsiashvili, Nino"]
[Result "0-1"]
[WhiteElo "2204"]
[BlackElo "2482"]
[Annotator "ChessBase"]
[PlyCount "108"]
[EventDate "2018.10.12"]
[EventType "team-tourn"]
[EventCountry "GRE"]
[SourceTitle "playchess.com"]
[Source "ChessBase"]
[SourceQuality "1"]
[WhiteTeam "Mulhouse"]
[BlackTeam "Nona"]
[TimeControl "40/5400+30:1800+30"]

1. e4 {[%emt 0:00:00]} c6 {[%emt 0:00:00]} 2. d4 {[%emt 0:00:00]} d5 {[%emt 0:00:00]} 3. exd5 {[%emt 0:00:00]} cxd5 {[%emt 0:00:00]} 4. Bd3 {[%emt 0:00:00]} Nc6 {[%emt 0:00:00]} 5. c3 {[%emt 0:00:00]} Qc7 {[%emt 0:00:00]} 6. h3 {[%emt 0:04:39]} Nf6 {[%emt 0:01:50]} 7. Nf3 {[%emt 0:07:59]} g6 {[%emt 0:00:06]} 8. O-O {[%emt 0:00:28]} Bf5 {[%emt 0:00:07]} 9. Bb5 {[%emt 0:03:19]} Bg7 {[%emt 0:03:25]} 10. Ne5 {[%emt 0:01:28]} O-O {[%emt 0:00:37]} 11. Bxc6 {[%emt 0:05:22]} bxc6 {[%emt 0:03:23]} 12. Bf4 {[%emt 0:05:02]} Qb6 {[%emt 0:00:54]} 13. Qb3 {[%emt 0:12:35]} Rfc8 {[%emt 0:04:10]} 14. Nd2 {[%emt 0:03:02]} c5 {[%emt 0:00:40]} 15. dxc5 {[%emt 0:03:23]} Qxc5 {[%emt 0:02:11]} 16. Qa4 {[%emt 0:01:22]} Ne4 {[%emt 0:05:02]} 17. Ndf3 {[%emt 0:01:43]} f6 {[%emt 0:23:52]} 18. Nd3 {[%emt 0:02:27]} Qc4 {[%emt 0:03:32]} 19. Qxc4 {[%emt 0:03:57]} Rxc4 {[%emt 0:00:09]} 20. Rad1 {[%emt 0:10:51]} e5 {[%emt 0:13:10]} 21. Bc1 {[%emt 0:07:43]} a5 {[%emt 0:00:07]} 22. Rfe1 {[%emt 0:00:50]} Rac8 {[%emt 0:03:13]} 23. g4 {[%emt 0:05:52]} Be6 {[%emt 0:05:15]} 24. g5 {[%emt 0:00:11]} Nxg5 {[%emt 0:06:18]} 25. Bxg5 {[%emt 0:01:38]} Bxh3 {[%emt 0:04:08]} 26. Ndxe5 {[%emt 0:02:19]} fxe5 {[%emt 0:00:05]} 27. Nxe5 {[%emt 0:00:48]} Ra4 {[%emt 0:04:00]} 28. Rxd5 {[%emt 0:00:46]} Re8 {[%emt 0:02:47]} 29. Kh2 {[%emt 0:07:52]} Bf5 {[%emt 0:01:12]} 30. a3 {[%emt 0:01:32]} Re4 {[%emt 0:00:56]} 31. Rxe4 {[%emt 0:02:23]} Bxe4 {[%emt 0:00:02]} 32. Rxa5 {[%emt 0:00:05]} Rxe5 {[%emt 0:00:51]} 33. Rxe5 {[%emt 0:00:02]} Bxe5+ {[%emt 0:00:07]} 34. f4 {[%emt 0:00:05]} Bg7 {[%emt 0:00:24]} 35. Kg3 {[%emt 0:00:55]} Kf7 {[%emt 0:00:08]} 36. Kf2 {[%emt 0:00:02]} Ke6 {[%emt 0:00:14]} 37. Ke3 {[%emt 0:00:04]} Bc2 {[%emt 0:01:34]} 38. Kd2 {[%emt 0:01:31]} Bb3 {[%emt 0:00:06]} 39. Kd3 {[%emt 0:00:05]} Kd5 {[%emt 0:00:05]} 40. Ke3 {[%emt 0:00:00]} Bf8 {[%emt 0:00:00]} 41. Bf6 {[%emt 0:00:31]} Bc5+ {[%emt 0:01:06]} 42. Kd3 {[%emt 0:00:23]} Bd6 {[%emt 0:01:55]} 43. Ke3 {[%emt 0:00:44]} h5 {[%emt 0:00:18]} 44. Bg5 {[%emt 0:00:02]} Bc5+ {[%emt 0:01:09]} 45. Kd3 {[%emt 0:00:22]} Bb6 {[%emt 0:01:03]} 46. a4 {[%emt 0:00:58]} Bc7 {[%emt 0:00:43]} 47. c4+ {[%emt 0:01:52]} Bxc4+ {[%emt 0:00:04]} 48. Kc3 {[%emt 0:00:03]} Be2 {[%emt 0:00:21]} 49. Kb4 {[%emt 0:00:33]} h4 {[%emt 0:00:49]} 50. Bxh4 {[%emt 0:00:09]} Bxf4 {[%emt 0:00:04]} 51. Ka5 {[%emt 0:00:20]} g5 {[%emt 0:00:09]} 52. Bf2 {[%emt 0:00:05]} g4 {[%emt 0:00:23]} 53. Bg1 {[%emt 0:00:05]} g3 {[%emt 0:00:10]} 54. Kb6 {[%emt 0:00:07]} Be5 {[%emt 0:00:17]} 0-1

[Event "23rd European Women Club Cup 2018"]
[Site "Halkidiki"]
[Date "2018.10.15"]
[Round "4"]
[White "De Rosa, Mariagrazia"]
[Black "Mamedjarova, Zeinab"]
[Result "0-1"]
[WhiteElo "2131"]
[BlackElo "2358"]
[Annotator "TA"]
[PlyCount "116"]
[EventDate "2018.10.12"]
[EventType "team-tourn"]
[EventCountry "GRE"]
[SourceTitle "playchess.com"]
[Source "ChessBase"]
[SourceQuality "1"]
[WhiteTeam "Banca Alpi Marittime"]
[BlackTeam "Odlar Yurdu"]

{[%evp 18,116,33,16,52,22,29,21,26,9,0,7,33,34,58,54,53,48,82,46,128,56,58,33,85,17,25,37,72,68,149,147,133,46,79,78,77,85,179,167,197,191,178,137,138,104,128,35,32,22,46,-56,102,46,122,52,72,73,83,59,156,70,77,62,42,72,61,-123,-121,-129,-121,-122,-73,-57,0,-91,-104,-125,0,0,45,23,67,55,72,57,279,-61,-45,-57,0,-29976,-29977,-29987,-29988,-29994,-29995,-29995,-29996,-29997,-29998]} 1. e4 e5 2. Nf3 d6 3. d4 Nd7 4. Bc4 exd4 5. Qxd4 Ngf6 6. Nc3 {C41: Philidor-Verteidigung} Nb6 7. Be2 Be7 8. a4 $146 ({Vorgänger:} 8. Bf4 O-O 9. O-O-O Be6 10. e5 Nfd5 11. exd6 cxd6 12. Nxd5 Nxd5 {0-1 (25) Pancevski,F (2503)-Kadric,D (2583) Baku 2016}) 8... a5 9. O-O O-O 10. b3 {LiveBook: 8 Partien} Nfd7 11. Bb2 Bf6 12. Qd2 Nc5 13. Nd4 Re8 14. f3 c6 15. Rad1 Qe7 16. Rfe1 Bd7 17. Bf1 Rad8 18. g3 Bc8 (18... Qf8 $14) 19. Bg2 (19. Nb1 $16) 19... Qc7 $14 20. Ba3 h5 (20... Na6 $14) 21. Kh1 ({Günstiger ist} 21. Nce2 $16) 21... Na6 $11 22. f4 Nb4 23. Nce2 $1 d5 (23... Nd7 $14) 24. e5 $1 $16 {[%cal Re5f6]} Be7 25. Ng1 (25. f5 $16) 25... c5 26. Nb5 Qb8 27. c3 Nc6 (27... Na6 $16) 28. Qf2 $18 Bg4 29. Nf3 ({Viel schwächer ist} 29. Bxc5 $6 Bxd1 30. Rxd1 Bxc5 $16) 29... Nd7 30. Rd2 Na7 31. Nxa7 Qxa7 32. Ng1 (32. Rxd5 $16 Qb6 33. Nd2) 32... Qb6 $14 33. Bxd5 Nb8 {zielt auf ...Txd5! ab.} 34. Qg2 (34. c4 $14) 34... Rd7 $2 (34... Rxd5 $1 $15 {behält die Oberhand.} 35. Qxd5 (35. Rxd5 Qxb3 36. Bb2 Bd7 $11) 35... Rd8) 35. h3 (35. c4 $1 $16) 35... Bf5 (35... Rxd5 $14 36. Qxd5 (36. Rxd5 Be6 $14) 36... Be6) 36. g4 (36. c4 $16) 36... hxg4 37. hxg4 Qh6+ 38. Nh3 Qh4 (38... Be6 $14 39. Red1 Red8) 39. Rg1 (39. gxf5 $16 Qxe1+ 40. Kh2) 39... Be6 40. c4 Red8 41. Kh2 Nc6 42. Rd3 $2 (42. Bc1 $1 $14 {bleibt weiter vorne.}) 42... g5 $1 $17 43. Bc1 Nb4 44. Rf3 {Lxe6 ist eine echte Drohung.} Nxd5 45. f5 {[#]} Nc7 (45... Nf4 $1 $15 46. Bxf4 gxf4 47. fxe6 fxe6) 46. fxe6 (46. Qc2 $11) 46... Nxe6 47. Rgf1 {[#]} Rf8 ({Besser ist} 47... Rd1 $1 $17 {Und weiter mit ...Txf1 wäre nett.} 48. Be3 (48. Rxf7 $2 Rxc1 49. Rxc1 Kxf7 $19) 48... Qh8 49. Rxf7 Rxf1 50. Rxf1 Qxe5+ 51. Qg3 Qxg3+ 52. Kxg3 Rd3) 48. Kg1 $11 Bd8 49. Nf2 {Droht stark Th3.} Qh7 50. Rh3 Qg6 51. Ne4 Rd4 $2 ({Lieber} 51... f6 $14) 52. Nf6+ $2 (52. Nd6 $18 {Schwarz muss nun Sf5 beachten.} Rd3 53. Nf5 Rxh3 54. Qxh3) 52... Bxf6 $1 $15 53. Rxf6 Qb1 (53... Qe4 $1 $15) 54. Rfh6 $2 {[%mdl 8192]} (54. Rf1 $11) 54... Qxc1+ {Schwarz setzt Matt.} 55. Kh2 Qf4+ 56. Kh1 Rd1+ 57. Qg1 Qe4+ 58. Kh2 Rd2+ {Precision: Weiß = 34%, Schwarz = 30%.} 0-1

[Event "23rd European Women Club Cup 2018"]
[Site "Halkidiki"]
[Date "2018.10.15"]
[Round "4"]
[White "Vidic, Teja"]
[Black "Ovod, Evgenija"]
[Result "0-1"]
[WhiteElo "2116"]
[BlackElo "2363"]
[Annotator "NA"]
[PlyCount "80"]
[EventDate "2018.10.12"]
[EventType "team-tourn"]
[EventCountry "GRE"]
[SourceTitle "playchess.com"]
[Source "ChessBase"]
[SourceQuality "1"]
[WhiteTeam "Maribor"]
[BlackTeam "SSHOR"]
[TimeControl "40/5400+30:1800+30"]

1. e4 {[%emt 0:00:00]} e6 {[%emt 0:00:00]} 2. d4 {[%emt 0:00:00]} d5 {[%emt 0:00:00]} 3. Nd2 {[%emt 0:00:00]} c5 {[%emt 0:00:00]} 4. exd5 {[%emt 0:00:06]} Qxd5 {[%emt 0:00:00]} 5. Ngf3 {[%emt 0:00:08]} cxd4 {[%emt 0:00:04]} 6. Bc4 {[%emt 0:00:20]} Qd7 {[%emt 0:00:07]} 7. O-O {[%emt 0:00:52]} Nc6 {[%emt 0:00:07]} 8. Nb3 {[%emt 0:01:54]} Nf6 {[%emt 0:00:08]} 9. Nbxd4 {[%emt 0:02:07]} Nxd4 {[%emt 0:00:07]} 10. Nxd4 {[%emt 0:03:08]} a6 {[%emt 0:00:06]} 11. Bg5 {[%emt 0:02:41]} b5 {[%emt 0:00:10]} 12. Bb3 {[%emt 0:00:28]} Bb7 {[%emt 0:00:08]} 13. c3 {[%emt 0:08:30]} Bc5 {[%emt 0:09:28]} 14. Nf3 {[%emt 0:01:02]} Qc6 {[%emt 0:02:26]} 15. Qe2 {[%emt 0:02:09]} h6 {[%emt 0:11:33]} 16. Be3 {[%emt 0:02:12]} Bd6 {[%emt 0:00:18]} 17. c4 {[%emt 0:08:29]} b4 {[%emt 0:07:51]} 18. c5 {[%emt 0:00:22]} Bc7 {[%emt 0:00:36]} 19. a3 {[%emt 0:06:17]} bxa3 {[%emt 0:09:49]} 20. Rxa3 {[%emt 0:00:05]} O-O {[%emt 0:00:04]} 21. Rc1 {[%emt 0:08:25]} a5 {[%emt 0:10:12]} 22. Ba4 {[%emt 0:01:59]} Qe4 {[%emt 0:00:13]} 23. Bb5 {[%emt 0:07:59]} Bd5 {[%emt 0:01:17]} 24. Ra4 {[%emt 0:03:17]} Qg6 {[%emt 0:13:48]} 25. Bd4 {[%emt 0:18:36]} Nh5 {[%emt 0:02:47]} 26. g3 {[%emt 0:05:06]} Nf4 {[%emt 0:02:48]} 27. Qe3 {[%emt 0:01:49]} Qg4 {[%emt 0:02:16]} 28. Ne5 {[%emt 0:05:56]} Qh3 {[%emt 0:05:35]} 29. Bf1 {[%emt 0:00:04]} Ng2 {[%emt 0:00:06]} 30. Qe2 {[%emt 0:00:48]} f6 {[%emt 0:06:17]} 31. Nd3 {[%emt 0:04:28]} e5 {[%emt 0:00:52]} 32. Bc3 {[%emt 0:00:18]} Qd7 {[%emt 0:08:41]} 33. Rca1 {[%emt 0:03:45]} Qc6 {[%emt 0:01:48]} 34. Bxa5 {[%emt 0:00:42]} Bxa5 {[%emt 0:03:49]} 35. Rxa5 {[%emt 0:00:06]} Rxa5 {[%emt 0:00:04]} 36. Rxa5 {[%emt 0:00:03]} Rb8 {[%emt 0:00:12]} 37. Qd2 {[%emt 0:02:05]} Bf3 {[%emt 0:01:20]} 38. Nb4 {[%emt 0:01:18]} Qe4 {[%emt 0:00:13]} 39. c6 {[%emt 0:01:12]} Nf4 {[%emt 0:01:47]} 40. gxf4 {[%emt 0:00:00]} Qg6+ {[%emt 0:00:00]} 0-1

[Event "23rd European Women Club Cup 2018"]
[Site "Halkidiki"]
[Date "2018.10.15"]
[Round "4"]
[White "Neuhauser, Salome"]
[Black "Melia, Salome"]
[Result "0-1"]
[WhiteElo "2115"]
[BlackElo "2387"]
[Annotator "TA"]
[PlyCount "60"]
[EventDate "2018.10.12"]
[EventType "team-tourn"]
[EventCountry "GRE"]
[SourceTitle "playchess.com"]
[Source "ChessBase"]
[SourceQuality "1"]
[WhiteTeam "Mulhouse"]
[BlackTeam "Nona"]

{[%evp 15,60,16,2,-92,-100,-100,-81,-91,-102,-141,-141,-141,-141,-147,-143,-146,-135,-154,-139,-147,-136,-176,-180,-183,-172,-179,-175,-170,-170,-175,-160,-162,-144,-148,-146,-137,-133,-149,-129,-154,-158,-159,-155,-141,-141,-239,-233]} 1. e4 d6 2. d4 g6 3. Nc3 Bg7 4. Be3 c6 5. Nf3 Nf6 6. Bd3 {B08: Pirc-Ufimzew-Verteidigung} (6. Qd2 b5 7. Bh6 O-O 8. Bd3 Bg4 9. h4 Nbd7 10. h5 e5 11. Bxg7 Kxg7 12. hxg6 fxg6 13. dxe5 Nxe5 14. O-O-O Nxf3 15. Qh6+ Kg8 16. gxf3 Bxf3 17. e5 Bxh1 18. Bxg6 Bf3 19. exf6 Qc7 20. Rg1 Kh8 21. Be4 Bxe4 22. Qg7+ Qxg7 23. fxg7+ {1-0 (23) Giri,A (2782)-Mamedyarov,S (2801) chess.com INT 2018}) 6... Nbd7 7. Qd2 O-O 8. Bh6 e5 {LiveBook: 10 Partien} 9. h4 (9. Bxg7 $11 {bleibt in der Remisbreite.} Kxg7 10. Be2) 9... Bxh6 $17 10. Qxh6 exd4 $146 ({Vorgänger:} 10... Ng4 11. Qd2 h5 12. O-O-O Qf6 13. dxe5 Ndxe5 14. Be2 Nxf3 15. gxf3 Ne5 16. f4 Ng4 17. f3 Nf2 18. Rhg1 Nxd1 19. Nxd1 Re8 {1-0 (19) Lipski,T (2207)-Jackowski,R (2000) Rowy 2003}) 11. Nxd4 Qb6 12. Nb3 {[#]} Qxf2+ $1 {[%mdl 512]} 13. Kxf2 Ng4+ 14. Kg1 Nxh6 15. h5 Ng4 16. Rf1 Nde5 17. hxg6 hxg6 18. Na5 Kg7 19. Nd1 b6 20. Nc4 Be6 21. Nxe5 dxe5 22. Nf2 Nxf2 23. Kxf2 Rh8 ({Schlechter ist} 23... Bxa2 24. b3 $14) 24. b3 Rhd8 25. Ke3 c5 26. Be2 Rd4 27. c3 Rd6 {Schwarz steht deutlich besser.} 28. Rd1 Rad8 29. Rxd6 Rxd6 30. g4 {[#]} (30. Bb5 $17) 30... Kf6 $1 {Precision: Weiß = 35%, Schwarz = 76%.} 0-1

[Event "23rd European Women Club Cup 2018"]
[Site "Halkidiki"]
[Date "2018.10.15"]
[Round "4"]
[White "Grapsa, Georgia"]
[Black "Zhukova, Natalia"]
[Result "1/2-1/2"]
[WhiteElo "2085"]
[BlackElo "2403"]
[Annotator "NA"]
[PlyCount "74"]
[EventDate "2018.10.12"]
[EventType "team-tourn"]
[EventCountry "GRE"]
[SourceTitle "playchess.com"]
[Source "ChessBase"]
[SourceQuality "1"]
[WhiteTeam "Thessaloniki"]
[BlackTeam "Kyiv"]
[TimeControl "40/5400+30:1800+30"]

1. d4 {[%emt 0:00:00]} Nf6 {[%emt 0:00:00]} 2. c4 {[%emt 0:00:00]} c5 {[%emt 0:00:07]} 3. d5 {[%emt 0:00:00]} b5 {[%emt 0:00:10]} 4. Nf3 {[%emt 0:00:05]} g6 {[%emt 0:00:27]} 5. e4 {[%emt 0:04:22]} Bg7 {[%emt 0:16:24]} 6. e5 {[%emt 0:13:22]} Ng4 {[%emt 0:00:47]} 7. Ng5 {[%emt 0:00:11]} Nxe5 {[%emt 0:02:09]} 8. cxb5 {[%emt 0:02:36]} d6 {[%emt 0:03:28]} 9. Be2 {[%emt 0:10:31]} O-O {[%emt 0:02:54]} 10. f4 {[%emt 0:01:01]} Ned7 {[%emt 0:00:14]} 11. O-O {[%emt 0:01:50]} Nf6 {[%emt 0:04:30]} 12. Nc3 {[%emt 0:03:29]} a6 {[%emt 0:01:00]} 13. a4 {[%emt 0:08:33]} axb5 {[%emt 0:00:57]} 14. Bxb5 {[%emt 0:00:06]} Na6 {[%emt 0:03:50]} 15. Ra3 {[%emt 0:05:51]} Nb4 {[%emt 0:01:32]} 16. Nce4 {[%emt 0:07:07]} (16. Bc4 $17) 16... Bf5 $17 {[%emt 0:25:08]} ({Don't play} 16... Nbxd5 17. Bc6 $17) (16... Nfxd5 $19 17. Re1 Bb7) 17. Ng3 {[%emt 0:05:14]} Bc2 {[%emt 0:03:47]} 18. Qe2 {[%emt 0:06:13]} h6 {[%emt 0:00:29]} 19. Nh3 {[%emt 0:06:12]} Nfxd5 {[%emt 0:01:30]} 20. f5 {[%emt 0:00:37]} Kh7 {[%emt 0:03:13]} 21. Raf3 {[%emt 0:06:10]} Qc7 {[%emt 0:13:27]} 22. fxg6+ {[%emt 0:05:19]} fxg6 {[%emt 0:00:54]} 23. Rxf8 {[%emt 0:02:18]} Rxf8 {[%emt 0:00:09]} 24. Rxf8 {[%emt 0:00:04]} Bxf8 {[%emt 0:00:02]} 25. Qe6 {[%emt 0:01:15]} c4 {[%emt 0:05:04]} 26. Ne4 {[%emt 0:00:15]} Bxe4 {[%emt 0:00:24]} 27. Qxe4 {[%emt 0:00:05]} Qc5+ {[%emt 0:03:17]} 28. Kh1 {[%emt 0:02:30]} Nd3 {[%emt 0:01:58]} 29. Bxc4 {[%emt 0:01:53]} N5b4 {[%emt 0:04:36]} 30. Be3 {[%emt 0:01:28]} Qh5 {[%emt 0:00:05]} 31. Bxd3 {[%emt 0:04:10]} Qd1+ {[%emt 0:00:02]} 32. Ng1 {[%emt 0:00:50]} Nxd3 {[%emt 0:00:01]} 33. a5 {[%emt 0:00:40]} d5 {[%emt 0:02:39]} 34. Qf3 {[%emt 0:01:13]} Qe1 {[%emt 0:00:31]} 35. Qxf8 {[%emt 0:00:46]} Qxe3 {[%emt 0:00:02]} 36. Qf7+ {[%emt 0:00:19]} Kh8 {[%emt 0:00:01]} 37. Qf8+ {[%emt 0:00:46]} Kh7 {[%emt 0:00:01]} 1/2-1/2